Κατάλογος Βιβλιοθηκών Mediterranean College

Ολοκληρωμένη Στρατηγική Επικοινωνία / Ένα Πρακτικό Εργαλείο για Ολιστική Αντιμετώπιση της Επιχειρησιακής Επικοινωνίας (Record no. 6222)

MARC details
000 -LEADER
fixed length control field 01594cam a22001934a 4500
005 - ΗΜΕΡΟΜΗΝΙΑ ΚΑΙ ΩΡΑ ΤΕΛΕΥΤΑΙΑΣ ΕΝΗΜΕΡΩΣΗΣ
Πεδίο ελέγχου 20250605164236.0
008 - FIXED-LENGTH DATA ELEMENTS--GENERAL INFORMATION
Πεδίο ελέγχου σταθερού μήκους 250528s ||||||||||||||||||||||||d
035 ## - SYSTEM CONTROL NUMBER
System control number 21154
020 ## - ISBN
ISBN 9789603517016
040 ## - ΠΗΓΗ ΚΑΤΑΛΟΓΟΓΡΑΦΗΣΗΣ
Φορέας πρωτότυπης καταλογογράφησης MC Athens Campus Library
Γλώσσα καταλογογράφησης Ελληνικά, Μοντέρνα (1453-)
Modifying agency MC Athens Campus Library
Κανόνες περιγραφικής καταλογογράφησης AACR2
245 1# - ΤΙΤΛΟΣ ΚΑΙ ΔΗΛΩΣΗ ΥΠΕΥΘΥΝΟΤΗΤΑΣ
Τίτλος Ολοκληρωμένη Στρατηγική Επικοινωνία / Ένα Πρακτικό Εργαλείο για Ολιστική Αντιμετώπιση της Επιχειρησιακής Επικοινωνίας
260 ## - PUBLICATION, DISTRIBUTION, ETC.
Name of publisher, distributor, etc. Σταμούλης Α,
Date of publication, distribution, etc. 2007
300 ## - PHYSICAL DESCRIPTION
Extent 336
520 ## - SUMMARY, ETC.
Summary, etc. Στο παρόν βιβλίο περιγράφονται με σαφήνεια οι λειτουργίες, η αλληλεπιδραση και η στρατηγική θεώρηση των επί μέρους στοιχείων της οδηγώντας με ακρίβεια στο σχεδιασμό ολοκληρωμένης επικοινωνιακής στρατηγικής. Εισαγωγή, Το Σύστημα της Ολοκληρωμένης Επικοινωνίας, Η Προσωπική Επικοινωνία (Personal Communication), Κοινωνική Επικοινωνία, Εσωτερική - Ενδοεπιχειρησιακή Επικοινωνία (Internal Business Communication), Η Εμπορική Επικονωνία (Marketing Communication), Εταιρική Επικοινωνία (Corporate Communication), Η Στρατηγική Επικοινωνία, Βιβλιογραφία.
700 1# - ΠΡΟΣΘΕΤΗ ΑΝΑΓΡΑΦΗ--ΦΥΣΙΚΟ ΠΡΟΣΩΠΟ
Personal name Σταμάτης Γιώργος
9 (RLIN) 4318
942 ## - ADDED ENTRY ELEMENTS (KOHA)
Koha item type Books
Holdings
Τύπος τεκμηρίου Βιβλιοθήκη Τρέχουσα τοποθεσία Barcode Αριθμός εισαγωγής Ημερομηνία απόκτησης Ταξιθετικό σύμβολο Αριθμός αντιτύπου Κατάσταση απόσυρσης Κατάσταση χαμένου Κατάσταση κατεστραμμένου Μη δανεισμός Σύνολο δανεισμών Ημερομηνία τελευταίας εμφάνισης Η τιμή ισχύει από
Books MC Athens Campus Library MC Athens Campus Library 9780000062215 2994 05/06/2025 658.45 STA 1           05/06/2025 05/06/2025

MC Athens Campus Library
Πατησίων 94 & Κοδριγκτώνος 13, 104 34
Πελλήνης 8 & Πατησίων 107, 112 51
Τ: +30 210 8899600

MC Thessaloniki Campus Library
Ίωνος Δραγούμη 21, 54625 | Ίωνος Δραγούμη 15, 54625
Τ: +30 2310 287779 – Τ: +30 2314 440300